00545nam a2200169 a 4500008004100000020001500041050001600056100002000072245008800092260004100180300002000221350000900241650003300250650005700283650001300340700002200353120416s1997 ||||||||||||||||| || u a075062051X aHD 75.6 Bus aBansal, Pratima10aBusiness and the natural environmentcedited by Pratima Bansal and Elizabeth Howard aOxford:bButterworth-Heinemannc1997 ax, 278p. : ill. a0.00 aENVIRONMENTAL RESPONSIBILITY aINDUSTRIAL MANAGEMENT--EUROPE--ENVIRONMENTAL ASPECTS 0aBUSINESS aHoward, Elizabeth